000
00299nam a22001217a 4500
008
180517b xxu||||| |||| 00| 0 eng d
041
_a
eng
080
_a
043.3
100
_a
0
101
_a
MBE-BA
245
_a
Menaxhimi i Eficiences dhe Vleresimi Performances ne Pune
_c
Gashi, L
942
_2
udc
_c
BK
999
_c
45898
_d
45898